000 01158nam a2200241Ia 4500
003 Ost
005 20260507075354.0
008 260507s9999||||xx |||||||||||||| ||und||
020 _a65454499579
040 _cfsecg
041 _aara
082 _a330
100 _aالزين، منصوري
_eمؤلف
245 0 _aتشجيع الإستثمار وأثره على التنمية الإقتصادية /
_c منصوري الزين
260 _aعمان:
_bدار الراية للنشر والتوزيع,
_c2012
300 _a412 صفحة؛
_bإيضاحات ؛
_c25 سم
504 _aالمراجع ص.401
520 _aأساسيات الإستثمار والتنمية الإقتصادية- واقع الإستثمار في الجزائر- السياسات والإجراءات والحوافز المشجعة للإستثمار وآفاق تطويرها في الجزائر- انعكاسات تشجيع وترقية الإستثمار على النمو والتنمية الإقتصادية
653 _aالإستثمار
653 _aالإستثمار-الجزائر
653 _aالتنمية الإقتصادية
942 _cكتاب
999 _c44179
_d44179